MARC details
| 000 -CABECERA |
| campo de control de longitud fija |
00990nam a2200277 a 4500 |
| 001 - NÚMERO DE CONTROL |
| campo de control |
000005790 |
| 005 - FECHA Y HORA DE LA ÚLTIMA TRANSACCIÓN |
| campo de control |
20200929151803.0 |
| 008 - DATOS DE LONGITUD FIJA--INFORMACIÓN GENERAL |
| campo de control de longitud fija |
890308s1986 uy b f000 0 spa |
| 010 ## - NÚMERO DE CONTROL DE LA BIBLIOTECA DEL CONGRESO |
| Número de control de LC |
89120348 |
| 040 ## - FUENTE DE LA CATALOGACIÓN |
| Centro catalogador/agencia de origen |
DO-SdBNP |
| Centro/agencia transcriptor |
DLC |
| Centro/agencia modificador |
DLC |
| 082 ## - NÚMERO DE LA CLASIFICACIÓN DECIMAL DEWEY |
| Número de clasificación |
U861.1 |
| Número de documento/Ítem |
H632o |
| 100 1# - ENTRADA PRINCIPAL--NOMBRE DE PERSONA |
| Nombre de persona |
Hidalgo, Bartolomé, |
| Fechas asociadas al nombre |
1788-1822. |
| 9 (RLIN) |
16377 |
| 240 10 - TÍTULO UNIFORME |
| Título uniforme |
Works |
| Fecha de publicación/de la obra |
1986 |
| 245 10 - MENCIÓN DE TÍTULO |
| Título |
Obra completa / |
| Mención de responsabilidad, etc. |
Bartolomé Hidalgo ; prólogo de Antonio Praderio. |
| 260 ## - PUBLICACIÓN, DISTRIBUCIÓN, ETC. |
| Lugar de publicación, distribución, etc. |
Montevideo : |
| Nombre del editor, distribuidor, etc. |
Ministerio de Educación y Cultura, |
| Fecha de publicación, distribución, etc. |
1986. |
| 300 ## - DESCRIPCIÓN FÍSICA |
| Extensión |
lxxxiii, 162 p. ; |
| Dimensiones |
20 cm. |
| 490 1# - MENCIÓN DE SERIE |
| Mención de serie |
Biblioteca Artigas |
| Designación de volumen o secuencia |
vol. 170 |
| 490 1# - MENCIÓN DE SERIE |
| Mención de serie |
Clásicos uruguayos |
| Designación de volumen o secuencia |
vol. 170 |
| 504 ## - NOTA DE BIBLIOGRAFÍA, ETC. |
| Nota de bibliografía, etc. |
Incluye referencia bibliográficas |
| 650 #4 - PUNTO DE ACCESO ADICIONAL DE MATERIA--TÉRMINO DE MATERIA |
| Término de materia o nombre geográfico como elemento de entrada |
Poesía uruguaya |
| 9 (RLIN) |
3846 |
| 650 #4 - PUNTO DE ACCESO ADICIONAL DE MATERIA--TÉRMINO DE MATERIA |
| Término de materia o nombre geográfico como elemento de entrada |
Literatura uruguaya |
| 9 (RLIN) |
3054 |
| 650 #4 - PUNTO DE ACCESO ADICIONAL DE MATERIA--TÉRMINO DE MATERIA |
| Término de materia o nombre geográfico como elemento de entrada |
Gauchos en la literatura |
| Subdivisión general |
Poesía |
| 9 (RLIN) |
16378 |
| 651 #4 - PUNTO DE ACCESO ADICIONAL DE MATERIA--NOMBRE GEOGRÁFICO |
| Nombre geográfico |
Uruguay |
| Subdivisión general |
Historia |
| Subdivisión cronológica |
1810-1830 |
| Subdivisión general |
Poesía |
| 9 (RLIN) |
16379 |
| 830 #0 - PUNTO DE ACCESO ADICIONAL DE SERIE-TÍTULO UNIFORME |
| Título uniforme |
Biblioteca Artigas |
| Nombre de parte o sección de la obra |
Clásicos uruguayos ; |
| Designación de volumen o secuencia |
v. 170. |
| 9 (RLIN) |
16276 |
| 910 ## - DATOS DE OPCIÓN DEL USUARIO (OCLC) |
| Datos de opción del usuario |
Catalogación por copia / LC |